| 000 -LEADER |
| fixed length control field |
02130cam a22004454a 4500 |
| 001 - CONTROL NUMBER |
| control field |
14798530 |
| 003 - CONTROL NUMBER IDENTIFIER |
| control field |
Nust |
| 005 - DATE AND TIME OF LATEST TRANSACTION |
| control field |
20170228110457.0 |
| 008 - FIXED-LENGTH DATA ELEMENTS--GENERAL INFORMATION |
| fixed length control field |
070404s2008 nyua f 001 0 eng |
| 010 ## - LIBRARY OF CONGRESS CONTROL NUMBER |
| LC control number |
2007014252 |
| 020 ## - INTERNATIONAL STANDARD BOOK NUMBER |
| International Standard Book Number |
9780071443432 (pbk. : alk. paper) |
| 020 ## - INTERNATIONAL STANDARD BOOK NUMBER |
| International Standard Book Number |
0071443436 |
| 035 ## - SYSTEM CONTROL NUMBER |
| System control number |
(DNLM)101303788 |
| 040 ## - CATALOGING SOURCE |
| Original cataloging agency |
DNLM/DLC |
| Transcribing agency |
ASAB |
| Modifying agency |
DLC |
| 042 ## - AUTHENTICATION CODE |
| Authentication code |
pcc |
| 050 00 - LIBRARY OF CONGRESS CALL NUMBER |
| Classification number |
RM301.12 |
| Item number |
.G65 2008 |
| 060 10 - NATIONAL LIBRARY OF MEDICINE CALL NUMBER |
| Classification number |
QV 39 |
| Item number |
G653 2008 |
| 082 00 - DEWEY DECIMAL CLASSIFICATION NUMBER |
| Classification number |
615/.1 |
| Edition number |
22 |
| 245 00 - TITLE STATEMENT |
| Title |
Goodman & Gilman's manual of pharmacology and therapeutics / |
| Statement of responsibility, etc. |
editors, Laurence L. Brunton, Keith L. Parker ; associate editors, Donald K. Blumenthal, Iain L.O. Buxton. |
| 246 30 - VARYING FORM OF TITLE |
| Title proper/short title |
Manual of pharmacology and therapeutics |
| 246 3# - VARYING FORM OF TITLE |
| Title proper/short title |
Goodman and Gilman's manual of pharmacology and therapeutics |
| 260 ## - PUBLICATION, DISTRIBUTION, ETC. |
| Place of publication, distribution, etc. |
New York : |
| Name of publisher, distributor, etc. |
McGraw-Hill Medical, |
| Date of publication, distribution, etc. |
c2008. |
| 300 ## - PHYSICAL DESCRIPTION |
| Extent |
ix, 1219 p. : |
| Other physical details |
ill. (some col.) ; |
| Dimensions |
23 cm. |
| 500 ## - GENERAL NOTE |
| General note |
Condensed ed. of:: Goodman & Gilman's the pharmacological basis of therapeutics. 11th ed. c2006. |
| 500 ## - GENERAL NOTE |
| General note |
Includes index. |
| 650 #0 - SUBJECT ADDED ENTRY--TOPICAL TERM |
| Topical term or geographic name entry element |
Pharmacology |
| Form subdivision |
Handbooks, manuals, etc. |
| 650 #0 - SUBJECT ADDED ENTRY--TOPICAL TERM |
| Topical term or geographic name entry element |
Therapeutics |
| Form subdivision |
Handbooks, manuals, etc. |
| 650 12 - SUBJECT ADDED ENTRY--TOPICAL TERM |
| Topical term or geographic name entry element |
Pharmacology |
| Form subdivision |
Handbooks. |
| 650 22 - SUBJECT ADDED ENTRY--TOPICAL TERM |
| Topical term or geographic name entry element |
Drug Therapy |
| Form subdivision |
Handbooks. |
| 700 1# - ADDED ENTRY--PERSONAL NAME |
| Personal name |
Goodman, Louis S. |
| Fuller form of name |
(Louis Sanford), |
| Dates associated with a name |
1906-2000. |
| 700 1# - ADDED ENTRY--PERSONAL NAME |
| Personal name |
Gilman, Alfred, |
| Dates associated with a name |
1908-1984. |
| 700 1# - ADDED ENTRY--PERSONAL NAME |
| Personal name |
Brunton, Laurence L. |
| 730 0# - ADDED ENTRY--UNIFORM TITLE |
| Uniform title |
Goodman & Gilman's the pharmacological basis of therapeutics. |
| 856 41 - ELECTRONIC LOCATION AND ACCESS |
| Materials specified |
Table of contents only |
| Uniform Resource Identifier |
<a href="http://www.loc.gov/catdir/toc/ecip0715/2007014252.html">http://www.loc.gov/catdir/toc/ecip0715/2007014252.html</a> |
| 856 42 - ELECTRONIC LOCATION AND ACCESS |
| Materials specified |
Publisher description |
| Uniform Resource Identifier |
<a href="http://www.loc.gov/catdir/enhancements/fy0712/2007014252-d.html">http://www.loc.gov/catdir/enhancements/fy0712/2007014252-d.html</a> |
| 856 42 - ELECTRONIC LOCATION AND ACCESS |
| Materials specified |
Contributor biographical information |
| Uniform Resource Identifier |
<a href="http://www.loc.gov/catdir/enhancements/fy0712/2007014252-b.html">http://www.loc.gov/catdir/enhancements/fy0712/2007014252-b.html</a> |
| 906 ## - LOCAL DATA ELEMENT F, LDF (RLIN) |
| a |
7 |
| b |
cbc |
| c |
orignew |
| d |
1 |
| e |
ecip |
| f |
20 |
| g |
y-gencatlg |
| 942 ## - ADDED ENTRY ELEMENTS (KOHA) |
| Source of classification or shelving scheme |
|
| Koha item type |
Book |